LEADER 01408nam--2200373---450- 001 990000378090203316 005 20100610090808.0 010 $a3428068270 035 $a0037809 035 $aUSA010037809 035 $a(ALEPH)000037809USA01 035 $a0037809 100 $a20010328d1990----km-y0itay0103----ba 101 $ager 102 $aDE 105 $a||||||||001yy 200 1 $aRechtsprobleme der gemeinschaftlichen Koordinierung und Finanzierung des öffentlichen Personennahverkehrs durch Bund, Länder und Gemeinden$fvon Hans-Wolfgang Arndt 210 $aBerlin$cDuncker & Humblot$dc1990 215 $a97 p.$d23 cm 225 2 $aSchriften zum Öffentlichen Recht$v578 410 $aSchriften zum Öffentlichen Recht$12001$v578 700 1$aARNDT,$bHans-Wolfgang$0239011 801 0$aIT$bsalbc$gISBD 912 $a990000378090203316 951 $aXXIV.1. Coll. 1/ 170 (COLL. AVO 578)$b69209 EC$cXXIV.1. Coll. 1/ 170 (COLL. AVO)$d00270640 959 $aBK 969 $aGIU 979 $aPATTY$b02$c20010328$lUSA01$h1004 979 $c20020403$lUSA01$h1645 979 $aPATRY$b90$c20040406$lUSA01$h1626 979 $aRSIAV4$b90$c20100610$lUSA01$h0908 979 $aCHIARA$b90$c20120517$lUSA01$h0928 996 $aRechtsprobleme der gemeinschaftlichen Koordinierung und Finanzierung des öffentlichen Personennahverkehrs durch Bund, Länder und Gemeinden$9875451 997 $aUNISA